Tourist Route of North and South America - Statistics

General Stats
  • This quiz has been taken 88 times
    64 since last reset
  • The average score is 16 of 24
Answer Stats
Clue Type Country Destination % Correct
Lady liberty Statue United States Statue of Liberty
94%
Home of the president Building United States White House
92%
Spans San Francisco bay Bridge United States Golden Gate Bridge
90%
Capital of USA City United States Washington DC
84%
Means "good airs" in English City Argentina Buenos Aires
82%
Carved by Colorado River Canyon United States Grand Canyon
78%
Home of big head statues Island Chile Easter
76%
Famous street of theaters in New York City Street United States Broadway
75%
Where Darwin studied Island Chain Ecuador Galapagos
75%
Very large waterfall Waterfall Canada/United States Niagara Falls
75%
Capital of the Bahamas City Bahamas Nassau
73%
Highest waterfalls in the world Waterfall Venezuela Angel Falls
71%
Large concrete tower in Toronto Tower Canada CN Tower
69%
Largest lake in South America Lake Peru Titicaca
69%
British oversees territory east of the United States Island United Kingdom Bermuda
67%
Looks over the city of Rio de Janeiro Statue Brazil Christ the Redeemer
61%
Located on Puget Sound City United States Seattle
59%
Former capital of Incan Empire City Peru Cusco
55%
Party capital of North America City United States Las Vegas
53%
Capital of St. Lucia Cit St. Lucia Castries
43%
Mayan pyramid on Yucatan Peninsula Pyramid Mexico Chichen Itza
33%
Main tourist destination on Jamaica City Jamaica Montego Bay
33%
Giant Peruvian lines carved into the ground Geoglyph Peru Nazca Lines
33%
World's largest salt flat Salt Flat Bolivia Salar de Uyuni
22%
No matching quizzes found
Score Distribution
Percent of People with Each Score
Percentile by Number Answered
Your Score History
You have not taken this quiz since the last reset